| 000 | 004530000a22001810004500 | ||
|---|---|---|---|
| 003 | MACL | ||
| 005 | 20160120175441.0 | ||
| 008 | 160120b xxu||||| |||| 00| 0 eng d | ||
| 040 |
_aMACL _cmacl |
||
| 041 | _aEnglish | ||
| 082 | _a351/PUR | ||
| 100 |
_aPuri, Gopal K _933686 |
||
| 245 | _aPublic Administration | ||
| 260 |
_bIIMS Publications _c2003 _aNew Delhi |
||
| 350 | _a250 | ||
| 650 |
_aPublic Administration _933804 |
||
| 942 |
_cBK _k351/PUR _2ddc |
||
| 999 |
_c32706 _d32706 |
||